<?xml version="1.0" encoding="UTF-8"?>
<marc:record xmlns:marc="http://www.loc.gov/MARC21/slim">
   <marc:leader>00000nam a2200000 a 4500</marc:leader>
   <marc:datafield ind1="1" ind2=" " tag="100">
      <marc:subfield code="a">Till, Jochen</marc:subfield>
      <marc:subfield code="4">aut</marc:subfield>
      <marc:subfield code="e">Verfasser/-in</marc:subfield>
   </marc:datafield>
   <marc:datafield ind1="0" ind2="0" tag="245">
      <marc:subfield code="a">Mo muss mal!</marc:subfield>
   </marc:datafield>
   <marc:datafield ind1=" " ind2="1" tag="264">
      <marc:subfield code="b">Loewe</marc:subfield>
      <marc:subfield code="c">2026</marc:subfield>
   </marc:datafield>
   <marc:datafield ind1="1" ind2=" " tag="520">
      <marc:subfield code="a">Es ist wieder so weit. Mo muss aufs Klo! Doch für so ein kleines Faultier ist der Weg bis dahin gar nicht so einfach. Ständig hat er neue spannende Begegnungen, die definitiv eine Pause wert sind. Doch dann wird’s plötzlich sehr dringend und Mo hält es nicht mehr aus. Ob er es noch rechtzeitig aufs Klo schafft? 
(Quelle: Verlagstext)</marc:subfield>
   </marc:datafield>
   <marc:datafield ind1=" " ind2=" " tag="020">
      <marc:subfield code="a">9783743222380</marc:subfield>
      <marc:subfield code="9">9783743222380</marc:subfield>
   </marc:datafield>
</marc:record>
